| 000 | 02279nam0a2200385 4500 | ||
|---|---|---|---|
| 001 | RU\NLR\bibl\1312443 | ||
| 005 | 20260407193351.0 | ||
| 010 |
_a978-5-86354-007-8 _9250 |
||
| 021 |
_aRU _b2008-89475 _95225 |
||
| 035 | _a(NLR Aleph) 001297877 | ||
| 090 |
_a600365 _c600365 |
||
| 100 | _a20081225d2008 |||y0rusy50 ca | ||
| 101 | 0 | _arus | |
| 102 | _aRU | ||
| 105 | _ay ||||||||| | ||
| 200 | 1 |
_aДети и молодежь в войнах и военных конфликтах XX века _eматериалы Международной научно-практической конференции, Курск, 20-21 августа 2008 г. _e65-летию Курской битвы посвящается _f[под ред. Л. С. Холботиной] |
|
| 210 |
_aКурск _cПресс-Факт _d2008 |
||
| 215 |
_a240 с. _d21 |
||
| 300 | _aВ надзаг.: Администрация и Правительство Кур. обл., Ком. по культуре Кур. обл., Ком. по науке и образованию Кур. обл. [и др.] | ||
| 320 | _aБиблиогр. в примеч. в конце отд. ст. | ||
| 606 | 1 |
_aДети _jСъезды, совещания и т.п. _xУчастие в войнах _z20 в. _92551633 _3RU\NLR\auth\661509838 |
|
| 606 | 1 |
_aМолодежь _jСъезды, совещания и т.п. _xУчастие в войнах _z20 в. _92551635 _3RU\NLR\auth\661509839 |
|
| 606 | 1 |
_aВеликая Отечественная война _jВоспоминания, записки и т.п. _jСъезды, совещания и т.п. _z1941 - 1945 _9903571 _3RU\NLR\auth\668893 |
|
| 686 | _aТ3(2)7-299я431 | ||
| 686 | _aТ3(2)7-283я431 | ||
| 686 | _aТ3(2)722,013я431 | ||
| 686 | _aЦ35(2)-424.9я431 | ||
| 702 | 1 |
_aХолботина _bЛ. С. _gАнастасия Сергеевна _4340 |
|
| 710 | 1 | 2 |
_a"Дети и молодежь в войнах и военных конфликтах XX века", международная научно-практическая конференция _eКурск _f2008 _9751551 _3RU\NLR\AUTH\8810127147 |
| 801 | 0 |
_aRU _bNLR _c20081225 _gRCR |
|
| 801 | 1 |
_aRU _bNLR _c20081225 |
|
| 942 | _cBOOK | ||
| 980 | _aNB | ||